Stanovenie reálnej hodnoty finančného majetku a finančného záväzku

Stanovenie reálnej hodnoty v rámci finančného manažmentu. Reálna hodnota v legislatívnych predpisoch Slovenskej republiky. Existencia aktívneho trhu. Zverejňovanie základných makroekonomických a trhových premenných. Pravdivosť o podstate posudzovaného objektu. Aplikovateľnosť modelov oceňovania.

Saved in:
Bibliographic Details
Main Author: Markovič, Peter, 1974-
Format: Book Chapter
Language:Slovak
Subjects:
Tags: Add Tag
No Tags, Be the first to tag this record!

MARC

LEADER 00000naa$a2200000$$$4500
001 0144564
005 20240502083334.3
041 0 |a slo 
044 |a CZ 
245 1 0 |a Stanovenie reálnej hodnoty finančného majetku a finančného záväzku  |c Peter Markovič 
520 |a Stanovenie reálnej hodnoty v rámci finančného manažmentu. Reálna hodnota v legislatívnych predpisoch Slovenskej republiky. Existencia aktívneho trhu. Zverejňovanie základných makroekonomických a trhových premenných. Pravdivosť o podstate posudzovaného objektu. Aplikovateľnosť modelov oceňovania. 
610 2 0 |a manažment finančný 
610 2 0 |a majetok finančný 
610 2 0 |a hodnota reálna 
610 2 0 |a záväzky podniku 
610 2 0 |a oceňovanie 
610 2 0 |a hodnota podniku 
100 1 |a Markovič, Peter, 1974-